Normal view
MARC view
- National Building Agency
Entry Corporate Name
001 - CONTROL NUMBER
- control field: 45309
003 - CONTROL NUMBER IDENTIFIER
- control field: NUST
005 - DATE AND TIME OF LATEST TRANSACTION
- control field: 20210314133219.0
008 - FIXED-LENGTH DATA ELEMENTS
- fixed length control field: 210314|| aca||aabn | a|a d
040 ## - CATALOGING SOURCE
- Original cataloging agency: NUST
- Transcribing agency: NUST
110 ## - HEADING--CORPORATE NAME
- Corporate name or jurisdiction name as entry element: National Building Agency
670 ## - SOURCE DATA FOUND
- Source citation: Work cat.: (NUST): Common building defects :, 1987, c1983.
